000 00413nam a2200157Ia 4500
008 220204s9999 xx 000 0 und d
020 _a0471870927
082 _a31:63
_bGOM;3
100 _aGomez, Arturo A
245 0 _aStatistical procedures for agricultural research
250 _aEd.2
260 _aNew York
_bJohn Wiley & Sons
_c1984
505 _aRRS, Sukma
700 _aGomez, Kwanchai A
942 _cBK
999 _c45008
_d45008